000 01114nam a2200301 i 4500
001 92074
003 ES-MaACL
005 20250728062605.0
007 t|
008 050331s2000 sp ||||1| spa d
020 _a84-7476-308-8
080 _a304(460.27 M.)
080 _a364.46(460.27 M.)
080 _a352(460.27 M.).072.7
100 1 _aAlguacil Gómez, Julio.
_919904
245 1 0 _aCalidad de vida y praxis urbana
_b: nuevas iniciativas de gestión ciudadana enla periferia social de Madrid /
_cJulio Alguacil Gómez.
250 _a1ª ed.
260 _aMadrid :
_bCentro de Investigaciones Sociológicas :
_bSiglo XXI de España,
_c2000.
300 _aXXVI, 354 p. ;
_c21 cm.
490 1 _aMonografías ;
_v179
504 _aBibliografía: p. [323]-340.
650 1 4 _aCalidad de vida-
_zMadrid.
_910682
650 4 _aDesarrollo comunitario-
_zMadrid.
_911790
651 4 _aMadrid-
_xAdministración-
_xParticipación ciudadana.
_98942
830 0 0 _aMonografías (Centro de Estudios Benaventanos "Ledo del Pozo")
_v179
_9177262
852 _aES-MaACL
_jE-10911
_bR.135741
999 _c92074
_d92074